The Tortured Poets Department lyrics - Statistics

General Stats
  • This quiz has been taken 35 times
  • The average score is 283 of 368
Answer Stats
Lyrics % Correct
a
96%
I
96%
left
96%
the
96%
then
96%
You
96%
you?
96%
you
96%
you,
96%
your
96%
apartment
92%
at
92%
At
92%
department
92%
from
92%
like
92%
my
92%
poets
92%
so
92%
So
92%
some
92%
Straight
92%
to
92%
tortured
92%
typewriter
92%
"Who
92%
Who
92%
who
92%
anyway?"
88%
say,
88%
things
88%
think
88%
typewriters
88%
uses
88%
be
85%
me?
85%
me,
85%
Me
85%
artist
81%
bigger
81%
But
81%
but
81%
Charlie
81%
golden
81%
gonna
81%
Gonna
81%
hold
81%
mode,
81%
never
81%
put
81%
should
81%
tattooed
81%
this
81%
This
81%
We
81%
we
81%
where
81%
who's
81%
Who's
81%
you're
81%
"You're
81%
and
77%
And
77%
ate
77%
bars
77%
chocolate
77%
declared
77%
in
77%
not
77%
of
77%
on
77%
Puth
77%
seven
77%
with
77%
ain't
73%
asleep
73%
fall
73%
head,
73%
head
73%
Hotel,
73%
if
73%
scratch
73%
seen
73%
Smith
73%
smoked,
73%
we're
73%
Chelsea
69%
Dylan
69%
idiots"
69%
idiots
69%
I'm
69%
I've
69%
modern
69%
Patti
69%
self-sabotage
69%
Thomas,
69%
awaken
65%
come
65%
it
65%
road
65%
said,
65%
said
65%
that
65%
you'd
65%
cyclone
62%
down
62%
else
62%
episode
62%
kill
62%
know
62%
Lucy
62%
one
62%
show
62%
still
62%
undone
62%
yourself
62%
chose
58%
ever
58%
felt
58%
leave
58%
off
58%
screw
58%
throwing
58%
told
58%
up
58%
wonder
58%
decodes
54%
dinner,
54%
had
54%
is
54%
loved
54%
ring
54%
Sometimes,
54%
spikes
54%
about
50%
dread,
50%
Everyone
50%
face
50%
finger
50%
it's
50%
Jack
50%
laughed
50%
meant
50%
middle
50%
Nobody
50%
pounding
50%
rings
50%
take
50%
that's
50%
wedding
50%
why
50%
closest
46%
crazy
46%
exploding
46%
heart
46%
nails
46%
retreiver
46%
tell
46%
two
46%
understands
46%
'Cause
42%
people
42%
read
42%
No-fucking-body
38%
troll
19%
No matching quizzes found
Score Distribution
Percent of People with Each Score
Percentile by Number Answered
Your Score History
You have not taken this quiz